000 00484nam a2200169Ia 4500
005 20250317123355.0
008 008 250317s9999 xx 000 0 eng d
037 _aTextbook
040 _aFMSL
_beng
_cFMSL
041 _aeng
_2eng
084 _aB2893 K9
_qFMSL
100 _aAronofsky J S
_9735597
245 0 _aProgress in operations research
260 _aLondon
_bLondon, John Wiley
_c1969
942 _cTB
_hB2893 K9
999 _c1251014
_d1251014